| 000 | 00637nam a2200217 a 4500 | ||
|---|---|---|---|
| 999 |
_c23028 _d23028 |
||
| 001 | vtls008687583 | ||
| 005 | 20211123150015.0 | ||
| 008 | 060405s2005 xo slo d | ||
| 020 |
_a8096920316 (viaz.) _c169.00 |
||
| 035 | _aMIZKGZ72685 | ||
| 040 |
_aMIZKGZ _bslo _cMIZKGZ |
||
| 041 | 0 | _aslo | |
| 080 | _a616.45 | ||
| 100 | 1 |
_aMoravec, Rudolf, _d1930-2008 _92421 |
|
| 245 | 1 |
_aK problematike chorôb nadobličiek _cRudolf Moravec |
|
| 250 | _a1. vyd. | ||
| 260 |
_aBratislava _bAlexandra _c2005 |
||
| 300 | _a141 s. viaz. | ||
| 650 | 0 | 7 |
_anadobličky _2MIZKGZ _92422 |